<?xml version="1.0" encoding="UTF-8"?><?xml-stylesheet type="text/xsl" href="static/style.xsl"?><OAI-PMH xmlns="http://www.openarchives.org/OAI/2.0/" xmlns:xsi="http://www.w3.org/2001/XMLSchema-instance" xsi:schemaLocation="http://www.openarchives.org/OAI/2.0/ http://www.openarchives.org/OAI/2.0/OAI-PMH.xsd"><responseDate>2026-06-29T02:37:46Z</responseDate><request verb="GetRecord" identifier="oai:docta.ucm.es:20.500.14352/108293" metadataPrefix="marc">https://docta.ucm.es/rest/oai/request</request><GetRecord><record><header><identifier>oai:docta.ucm.es:20.500.14352/108293</identifier><datestamp>2025-03-18T12:16:53Z</datestamp><setSpec>com_20.500.14352_14</setSpec><setSpec>col_20.500.14352_15</setSpec></header><metadata><record xmlns="http://www.loc.gov/MARC21/slim" xmlns:dcterms="http://purl.org/dc/terms/" xmlns:xsi="http://www.w3.org/2001/XMLSchema-instance" xmlns:doc="http://www.lyncode.com/xoai" xsi:schemaLocation="http://www.loc.gov/MARC21/slim http://www.loc.gov/standards/marcxml/schema/MARC21slim.xsd">
   <leader>00925njm 22002777a 4500</leader>
   <datafield ind2=" " ind1=" " tag="042">
      <subfield code="a">dc</subfield>
   </datafield>
   <datafield ind2=" " ind1=" " tag="720">
      <subfield code="a">Diz Villanueva, Alba</subfield>
      <subfield code="e">author</subfield>
   </datafield>
   <datafield ind2=" " ind1=" " tag="260">
      <subfield code="c">2022</subfield>
   </datafield>
   <datafield ind2=" " ind1=" " tag="520">
      <subfield code="a">RESUMEN: El presente artículo propone un análisis socio-poético del espacio urbano que ponga de manifiesto su imbricación con la materia social. A partir de la imagen de Bucarest que ofrece «Noaptea când cineva a murit pentru tine», el trabajo se centra en cómo Suceavă (re)construye discursivamente la Revolución de 1989 y en las implicaciones que este tiene tanto para la sociedad rumana como individualmente, para el protagonista de la obra.</subfield>
   </datafield>
   <datafield ind2=" " ind1=" " tag="520">
      <subfield code="a">ABSTRACT: This article proposes a socio-poetic analysis of urban space, highlighting its connection with social matter. Through the image of Bucharest provided by “Noaptea când cineva a murit pentru tine”, the work focuses on how Suceavă (re)constructs the Romanian Revolution of 1989 and the implications it has both for Romanian society and for the protagonist of the novel.</subfield>
   </datafield>
   <datafield ind2=" " ind1=" " tag="520">
      <subfield code="a">RÉSUMÉ: Cet article propose une analyse socio-poétique de l’espace urbain qui met en évidence son imbrication avec la matière sociale. À travers l’image de Bucarest représentée dans «Noaptea când cineva a murit pentru tine», ce travail se focalise sur la façon dont Suceavă (re)construit la Révolution roumaine de 1989 et les implications qu’elle a eues autant pour la société roumaine que pour le protagoniste du roman.</subfield>
   </datafield>
   <datafield ind1="8" ind2=" " tag="024">
      <subfield code="a">Alba Diz Villanueva, «Ciudad y revolución: Bucarest en Noaptea când cineva a murit pentru tine», Atlante [En línea], 17 | 2022, Publicado el 21 noviembre 2022, consultado el 13 abril 2023. URL: http:// journals.openedition.org/atlante/26445 ; DOI: https://doi.org/10.4000/atlante.26445</subfield>
   </datafield>
   <datafield ind1="8" ind2=" " tag="024">
      <subfield code="a">10.4000/atlante.26445</subfield>
   </datafield>
   <datafield ind1="8" ind2=" " tag="024">
      <subfield code="a">https://hdl.handle.net/20.500.14352/108293</subfield>
   </datafield>
   <datafield ind1="8" ind2=" " tag="024">
      <subfield code="a">2426-394X</subfield>
   </datafield>
   <datafield ind1="8" ind2=" " tag="024">
      <subfield code="a">https://journals.openedition.org/atlante/26445</subfield>
   </datafield>
   <datafield ind1="8" ind2=" " tag="024">
      <subfield code="a">https://doi.org/10.4000/atlante.26445</subfield>
   </datafield>
   <datafield ind1="8" ind2=" " tag="024">
      <subfield code="a">https://journals.openedition.org/atlante/</subfield>
   </datafield>
   <datafield ind1="8" ind2=" " tag="024">
      <subfield code="a">https://cecille.univ-lille.fr/</subfield>
   </datafield>
   <datafield ind1="8" ind2=" " tag="024">
      <subfield code="a">https://cecille.univ-lille.fr/publications/revues</subfield>
   </datafield>
   <datafield ind2="0" ind1="0" tag="245">
      <subfield code="a">Ciudad y revolución: Bucarest en «Noaptea când cineva a murit pentru tine»</subfield>
   </datafield>
</record></metadata></record></GetRecord></OAI-PMH>